Social media communication : (Record no. 22551)

MARC details
000 -LEADER
fixed length control field 00755cam a2200229 i 4500
003 - CONTROL NUMBER IDENTIFIER
control field KenMUT
005 - DATE AND TIME OF LATEST TRANSACTION
control field 20250403124550.0
008 - FIXED-LENGTH DATA ELEMENTS--GENERAL INFORMATION
fixed length control field 230119s2024 nyua b 001 0 eng
020 ## - INTERNATIONAL STANDARD BOOK NUMBER
International Standard Book Number 9781032251776
040 ## - CATALOGING SOURCE
Transcribing agency MUT
050 00 - LIBRARY OF CONGRESS CALL NUMBER
Classification number HM 741
Item number .L56 2023
100 1# - MAIN ENTRY--PERSONAL NAME
Personal name Lipschultz, Jeremy Harris,
Relator term author.
245 10 - TITLE STATEMENT
Title Social media communication :
Remainder of title concepts, practices, data, law and ethics /
250 ## - EDITION STATEMENT
Edition statement 4th edition.
264 #1 - PRODUCTION, PUBLICATION, DISTRIBUTION, MANUFACTURE, AND COPYRIGHT NOTICE
Place of production, publication, distribution, manufacture New York ;
-- London :
Name of producer, publisher, distributor, manufacturer Routledge Taylor & Francis Group,
Date of production, publication, distribution, manufacture, or copyright notice 2024.
650 #0 - SUBJECT ADDED ENTRY--TOPICAL TERM
Topical term or geographic name entry element Social media.
650 #0 - SUBJECT ADDED ENTRY--TOPICAL TERM
Topical term or geographic name entry element Social networks.
650 #0 - SUBJECT ADDED ENTRY--TOPICAL TERM
Topical term or geographic name entry element Online social networks.
650 #0 - SUBJECT ADDED ENTRY--TOPICAL TERM
Topical term or geographic name entry element Social media
General subdivision Law and legislation.
650 #0 - SUBJECT ADDED ENTRY--TOPICAL TERM
Topical term or geographic name entry element Social media
General subdivision Moral and ethical aspects.
942 ## - ADDED ENTRY ELEMENTS (KOHA)
Source of classification or shelving scheme Library of Congress Classification
Koha item type Books
Suppress in OPAC No
Holdings
Withdrawn status Lost status Source of classification or shelving scheme Damaged status Not for loan Home library Current library Shelving location Date acquired Source of acquisition Total checkouts Full call number Barcode Date last seen Price effective from Koha item type
    Library of Congress Classification     Murang'a University of Technology Library Murang'a University of Technology Library General stacks 18/02/2025 Purchase   HM 741 .L56 2023 031686 18/02/2025 18/02/2025 Books
    Library of Congress Classification     Murang'a University of Technology Library Murang'a University of Technology Library General stacks 18/02/2025 Purchase   HM 741 .L56 2023 031685 18/02/2025 18/02/2025 Books